000 02131cam a22004934i 4500
003 PE-LiUPU
005 20250731173434.0
008 150706s2012 ck r 000 0 spa d
020 _a9789978396162
035 _a(Sirsi) i9789978396162
040 _aPE-LiUPU
_bspa
_cPE-LiUPU
_erda
049 _aPRUA
082 0 4 _a248.4
_bL87
_221
100 1 _aLouis Cole, Edwin,
_eautor.
245 1 0 _aEsposo irresistible :
_bpara el hombre que quiere saber /
_cEdwin Louis Cole.
264 1 _a[Bogotá] :
_bGozo-e; Desafío,
_c[2012].
300 _a207 páginas ;
_c21 centímetros
336 _atext
_2rdacontent
337 _aunmediated
_2rdamedia
338 _avolume
_2rdacarrier
505 0 _aLa cultura es la culpable -- Tome una decisión -- Evite las trampas -- Haga lo correcto -- Despierte -- ¡Detenga la maldición! -Establezca su juicio -- Suprima la "Zona prohibida" -- Únase al Club de los verdaderos caballeros -- Adopte una guía para vivir -- Gane para vivir bien -- Mantenga a su esposa enamorada de usted -- ¡Sea un hombre de pacto! -Diez inversiones que tiene que hacer -- ¡Levántese y pelee! -- Viva sin remordimientos -- Los diez mandamientos -- Guía para la vida diaria.
526 _aSEG42
526 _aSEG41
526 _aSEG40
526 _aSEG39
526 _aP94
526 _aP87
526 _aP86
526 _aP85
526 _aP77
526 _aP76
526 _aP35
541 _g001-0000701;
650 0 4 _aFamilias
_xVida Cristiana.
700 1 _aMolina, Julieta,
_etraductor.
700 1 _aCornejo, Xavier,
_eeditor.
700 1 _aMarin, Daniel,
_erev.
910 _agl
_clch
_d20131118
942 _2ddc
_cBOOK
949 _a248.4 L87
_wDEWEY
_c1
_i68473
_lCCODEBUL1
_mBUL
_p14.00
_r0
_sY
_tBOOK
_u2015-7-6
_xTEOLOGIA
_PP35
_o.STAFF. Colección General
994 _aC0
_bPEPRU
596 _a1
999 _a248.4 L87
_wDEWEY
_c55857
_i68473
_d55857
_e2019-4-11
_f2021-11-10
_g5
_lCCODEBUL1
_mBUL
_n4
_p14.00
_q2
_r0
_sY
_tBOOK
_u2015-7-6
_xTEOLOGIA
_PP35
_0COMPRA
_o.STAFF. Colección Teología
980 _81
_gALBERTO SANCHEZ Responsable de Automatización